[Event "NAYCC U10"]
[Site "Windsor CAN"]
[Date "2016.08.11"]
[Round "9.142"]
[White "Balachandran, Kousihan"]
[Black "Zheng, Michael"]
[Result "0-1"]
[WhiteElo "1400"]
[BlackElo "1811"]
[PlyCount "98"]
[EventDate "2016.08.07"]
[EventType "swiss"]
[EventRounds "9"]
[EventCountry "CAN"]

1. e4 c5 2. Nf3 a6 3. d4 cxd4 4. Nxd4 Nf6 5. Nc3 e5 6. Nf3 Bb4 7. Bd3 d5 8.
exd5 e4 9. a3 Bxc3+ 10. bxc3 exf3 11. Qxf3 Qxd5 12. Qe2+ Be6 13. O-O O-O 14.
Bb2 Qg5 15. c4 Nc6 16. Bxf6 Qxf6 17. Rab1 Rab8 18. Qe4 g6 19. h4 Rfe8 20. h5
Qg5 21. hxg6 hxg6 22. Qf3 Ne5 23. Qe4 Bf5 24. Qe3 Qxe3 25. fxe3 Nxd3 26. cxd3
Bxd3 27. Rfd1 Bxb1 28. Rxb1 Rxe3 29. c5 Rc3 30. Kf2 Rxc5 31. Ke3 Kg7 32. Kd4
Rg5 33. a4 Rxg2 34. a5 Rg5 35. Ra1 Rd8+ 36. Kc4 Rdd5 37. Rb1 Rb5 38. Rxb5 Rxb5
39. Kd4 Rxa5 40. Kc4 b5+ 41. Kb4 Ra1 42. Kc5 a5 43. Kxb5 g5 44. Kb6 g4 45. Ka7
g3 46. Ka8 Rb1 47. Ka7 g2 48. Ka6 g1=Q 49. Kxa5 Qa7# 0-1

[Event "NAYCC U10"]
[Site "Windsor CAN"]
[Date "2016.08.11"]
[Round "9.143"]
[White "Kamath, Atul"]
[Black "Zhao, Jeffrey R"]
[Result "0-1"]
[WhiteElo "1637"]
[BlackElo "1496"]
[PlyCount "70"]
[EventDate "2016.08.07"]
[EventType "swiss"]
[EventRounds "9"]
[EventCountry "CAN"]

1. e4 c5 2. Nf3 d6 3. d4 cxd4 4. Nxd4 Nf6 5. Nc3 a6 6. Be2 e6 7. Be3 b5 8. Bf3
Bb7 9. e5 Nd5 10. Nxd5 Bxd5 11. Bxd5 exd5 12. e6 Qf6 13. exf7+ Qxf7 14. Qf3 Nd7
15. Qxf7+ Kxf7 16. O-O-O Be7 17. Nf5 Nf6 18. Nxe7 Kxe7 19. Bg5 Rhf8 20. Rxd5 h6
21. Re1+ Kd7 22. h4 Nxd5 23. Be3 Nxe3 24. fxe3 Rf2 25. g4 Rc8 26. c3 b4 27. Kb1
bxc3 28. bxc3 Rxc3 29. g5 hxg5 30. hxg5 Rcc2 31. a4 Ra2 32. e4 Rxa4 33. e5 dxe5
34. Rxe5 Rg4 35. Ra5 Rg1# 0-1

[Event "NAYCC U10"]
[Site "Windsor CAN"]
[Date "2016.08.11"]
[Round "9.144"]
[White "Yuan, Kevin"]
[Black "Rama, Tejas"]
[Result "1/2-1/2"]
[WhiteElo "975"]
[BlackElo "1712"]
[PlyCount "60"]
[EventDate "2016.08.07"]
[EventType "swiss"]
[EventRounds "9"]
[EventCountry "CAN"]

1. e4 c5 2. Nf3 g6 3. Bc4 Bg7 4. O-O d6 5. d4 cxd4 6. Nxd4 Nf6 7. Nc3 Nc6 8.
Bb5 Bd7 9. Nxc6 Bxc6 10. Bxc6+ bxc6 11. Be3 O-O 12. Qd2 Qd7 13. Bh6 Rab8 14.
Rab1 Qe6 15. Bxg7 Kxg7 16. Rfe1 Rb7 17. b3 Nd7 18. f4 Nb6 19. Rbd1 f5 20. e5 d5
21. Qd4 Rc8 22. Qc5 Nd7 23. Qd4 Qg8 24. e6+ Nf6 25. h3 h5 26. Na4 Kh6 27. Nc5
Rbc7 28. Na6 Rb7 29. Nc5 Rbc7 30. Na6 Rb7 1/2-1/2

[Event "NAYCC U10"]
[Site "Windsor CAN"]
[Date "2016.08.11"]
[Round "9.145"]
[White "Kondakov, Adrian"]
[Black "Tsay, William"]
[Result "1-0"]
[WhiteElo "1675"]
[BlackElo "1399"]
[PlyCount "83"]
[EventDate "2016.08.07"]
[EventType "swiss"]
[EventRounds "9"]
[EventCountry "CAN"]

1. e4 d5 2. exd5 Qxd5 3. Nc3 Qd6 4. d4 c6 5. Bc4 Nf6 6. Nge2 Bf5 7. Bf4 Qd8 8.
Ng3 Bg6 9. Qd2 e6 10. a3 Bd6 11. f3 Bxf4 12. Qxf4 Nd5 13. Bxd5 cxd5 14. Rc1 a6
15. O-O Nc6 16. Nge2 O-O 17. Qd2 Rc8 18. Na4 Qe7 19. Nc5 Nxd4 20. Qxd4 Qxc5 21.
Qxc5 Rxc5 22. c3 Rfc8 23. Rcd1 h6 24. Kf2 Kf8 25. Ke3 Ke7 26. f4 Be4 27. g4 Bh7
28. Ng3 g6 29. g5 h5 30. h4 Bg8 31. Kd3 f6 32. Rde1 Bf7 33. f5 gxf5 34. Nxf5+
Kf8 35. Nd6 R8c7 36. Rxf6 R5c6 37. Rexe6 Re7 38. Rxe7 Kxe7 39. Rxf7+ Kxd6 40.
Rf6+ Ke7 41. Rxc6 bxc6 42. Kd4 1-0

[Event "NAYCC U10"]
[Site "Windsor CAN"]
[Date "2016.08.11"]
[Round "9.146"]
[White "Ripley, Noah"]
[Black "Prestia, Paris"]
[Result "0-1"]
[WhiteElo "684"]
[BlackElo "1591"]
[PlyCount "88"]
[EventDate "2016.08.07"]
[EventType "swiss"]
[EventRounds "9"]
[EventCountry "CAN"]

1. e4 c5 2. Nf3 d6 3. d4 cxd4 4. Nxd4 Nf6 5. Nc3 g6 6. Bg5 Bg7 7. Qd2 O-O 8.
O-O-O Nc6 9. Bb5 Bd7 10. h3 Nxd4 11. Bxd7 Qxd7 12. Qxd4 Qc6 13. f3 b5 14. g4 a5
15. a3 Rfc8 16. h4 Rab8 17. b4 axb4 18. Qxb4 Qxc3 19. Qxc3 Rxc3 20. h5 Rxa3 21.
h6 Bh8 22. Rhf1 Rc8 23. Rd3 Ra1+ 24. Kd2 Rxf1 25. Ke2 Rh1 26. Rb3 Rh2+ 27. Ke3
Rhxc2 28. Bxf6 Re8 29. Bxh8 Kxh8 30. Rxb5 Rh2 31. Rb7 Rxh6 32. Rd7 Kg7 33. Kf4
f6 34. g5 Rh4+ 35. Kg3 fxg5 36. Ra7 Kf6 37. Ra2 h5 38. Rh2 Rxh2 39. Kxh2 Ke5
40. Kg3 Ra8 41. Kf2 Kf4 42. Kg2 Ra2+ 43. Kh1 Kg3 44. Kg1 Ra1# 0-1

[Event "NAYCC U10"]
[Site "Windsor CAN"]
[Date "2016.08.11"]
[Round "9.147"]
[White "Singireddy, Ruthvik"]
[Black "Dinatolo, Zack"]
[Result "0-1"]
[WhiteElo "1398"]
[BlackElo "1365"]
[PlyCount "90"]
[EventDate "2016.08.07"]
[EventType "swiss"]
[EventRounds "9"]
[EventCountry "CAN"]

1. e4 e6 2. c4 Nc6 3. d4 d5 4. cxd5 exd5 5. exd5 Qxd5 6. Nf3 Nf6 7. Nc3 Qd8 8.
Bb5 Bd7 9. O-O Be7 10. Re1 O-O 11. Ne5 Nxe5 12. dxe5 Bxb5 13. exf6 Bxf6 14.
Qxd8 Raxd8 15. Nxb5 c6 16. Nc3 Rd3 17. Be3 Bxc3 18. bxc3 Rxc3 19. Bxa7 Ra8 20.
Be3 Rc2 21. Red1 h6 22. Rd2 Raxa2 23. Rxc2 Rxa1+ 24. Rc1 Rxc1+ 25. Bxc1 Kf8 26.
Kf1 Ke7 27. Ke2 Ke6 28. Kd3 Kd5 29. h4 h5 30. Ke3 b5 31. Kf4 f6 32. Kf5 c5 33.
Kg6 b4 34. Kxg7 c4 35. Kxf6 c3 36. Kg5 b3 37. Kxh5 b2 38. Bxb2 cxb2 39. g4 b1=Q
40. f4 Qh7+ 41. Kg5 Ke6 42. f5+ Kf7 43. h5 Qg7+ 44. Kh4 Qf6+ 45. g5 Qxf5 0-1

[Event "NAYCC U10"]
[Site "Windsor CAN"]
[Date "2016.08.11"]
[Round "9.148"]
[White "Srinivas, Atharva"]
[Black "Xing, Blair"]
[Result "1-0"]
[WhiteElo "1388"]
[BlackElo "920"]
[PlyCount "43"]
[EventDate "2016.08.07"]
[EventType "swiss"]
[EventRounds "9"]
[EventCountry "CAN"]

1. e4 e5 2. Nf3 Nc6 3. Bb5 a6 4. Ba4 Nf6 5. O-O Bc5 6. Re1 d6 7. h3 O-O 8. c3
b5 9. Bc2 Be6 10. d4 exd4 11. cxd4 Bb4 12. Bd2 Bxd2 13. Qxd2 Ne7 14. Nc3 c5 15.
d5 b4 16. dxe6 bxc3 17. exf7+ Rxf7 18. Qxc3 Kh8 19. Bb3 Rf8 20. Ng5 Qd7 21.
Nf7+ Kg8 22. Ne5+ 1-0

[Event "NAYCC U10"]
[Site "Windsor CAN"]
[Date "2016.08.11"]
[Round "9.149"]
[White "Morris-Suzuki, Alan"]
[Black "Guo, Roger"]
[Result "0-1"]
[WhiteElo "1025"]
[BlackElo "1183"]
[PlyCount "68"]
[EventDate "2016.08.07"]
[EventType "swiss"]
[EventRounds "9"]
[EventCountry "CAN"]

1. d4 d5 2. c4 Nf6 3. Nc3 e6 4. cxd5 exd5 5. Bg5 h6 6. Bh4 Be6 7. e4 dxe4 8.
Nxe4 Nbd7 9. Nf3 Bb4+ 10. Nc3 O-O 11. Bd3 Re8 12. O-O Bg4 13. h3 Bh5 14. Ne4
Be7 15. Nxf6+ Bxf6 16. Qc2 Bxh4 17. Nxh4 Qxh4 18. g4 Bxg4 19. hxg4 Qxg4+ 20.
Kh1 Nf6 21. Qxc7 Qf3+ 22. Kg1 Qxd3 23. Rad1 Qg6+ 24. Kh1 Re4 25. Qh2 Qh5 26.
Rd3 Rae8 27. Rg3 Qd5 28. Qg2 Rh4+ 29. Kg1 Qxd4 30. Rxg7+ Kh8 31. Qg3 Nh5 32.
Qxh4 Qxh4 33. Rxf7 Rg8+ 34. Rg7 Rxg7# 0-1

[Event "NAYCC U10"]
[Site "Windsor CAN"]
[Date "2016.08.11"]
[Round "9.150"]
[White "Gaisinsky, Jacob"]
[Black "Eirew, David"]
[Result "1-0"]
[WhiteElo "1167"]
[BlackElo "657"]
[PlyCount "37"]
[EventDate "2016.08.07"]
[EventType "swiss"]
[EventRounds "9"]
[EventCountry "CAN"]

1. e4 e5 2. Nf3 Nc6 3. Bc4 Nf6 4. Ng5 Qe7 5. Bxf7+ Kd8 6. Bb3 h6 7. Nf7+ Ke8 8.
Nxh8 Nxe4 9. Qh5+ Kd8 10. Nf7+ Ke8 11. Nxh6+ Kd8 12. Nf7+ Ke8 13. Nxe5+ Kd8 14.
Nxc6+ bxc6 15. O-O Nf6 16. Qf7 Qd6 17. d4 Ng4 18. Bg5+ Qe7 19. Qxf8# 1-0

[Event "NAYCC U10"]
[Site "Windsor CAN"]
[Date "2016.08.11"]
[Round "9.151"]
[White "Marcelloni, Jacob"]
[Black "Chen, Bryan"]
[Result "0-1"]
[WhiteElo "786"]
[BlackElo "918"]
[PlyCount "50"]
[EventDate "2016.08.07"]
[EventType "swiss"]
[EventRounds "9"]
[EventCountry "CAN"]

1. d4 d5 2. Nf3 Nc6 3. Bf4 Bf5 4. e3 Nf6 5. c3 h6 6. Bd3 Ne4 7. Nbd2 e6 8. Qc2
Nxd2 9. Qxd2 Be4 10. Qc2 Bxf3 11. gxf3 Bd6 12. Bxd6 Qxd6 13. O-O-O O-O 14. e4
a5 15. e5 Qe7 16. f4 a4 17. a3 f5 18. f3 Qh4 19. Qd2 Na5 20. Rhg1 Nc4 21. Qg2
Qxf4+ 22. Kb1 Rf7 23. Qg6 Re8 24. h3 Qh2 25. Rg3 Qxb2# 0-1

[Event "NAYCC U10 w"]
[Site "Windsor CAN"]
[Date "2016.08.07"]
[Round "1.150"]
[White "Gorti, Atmika"]
[Black "Kondakova, Elena"]
[Result "1-0"]
[WhiteElo "1576"]
[BlackElo "1182"]
[PlyCount "97"]
[EventDate "2016.08.07"]
[EventType "swiss"]
[EventRounds "9"]
[EventCountry "CAN"]

1. e4 g6 2. d4 Bg7 3. Nf3 c6 4. c4 d5 5. cxd5 cxd5 6. Nc3 Nf6 7. e5 Ne4 8. Nxe4
dxe4 9. Ng5 Bf5 10. Bc4 O-O 11. Be3 Nd7 12. e6 Nb6 13. exf7+ Kh8 14. Be6 Nd5
15. Bd2 Bxd4 16. Bxf5 gxf5 17. Ne6 Qb6 18. Nxd4 Qxb2 19. Nxf5 Nc3 20. Bxc3+
Qxc3+ 21. Kf1 Rxf7 22. Qd4+ Qxd4 23. Nxd4 e3 24. f3 e5 25. Nc2 e4 26. Ke2 Re8
27. Rhd1 exf3+ 28. gxf3 Rg7 29. Rg1 Rd7 30. Rad1 Rxd1 31. Rxd1 a5 32. a4 h5 33.
h4 b6 34. Rd6 Kg7 35. Rxb6 Re5 36. Rb5 Re6 37. Rxa5 Rg6 38. Rg5 Rxg5 39. hxg5
h4 40. Nxe3 h3 41. Ng4 Kg6 42. a5 Kxg5 43. a6 Kh4 44. a7 Kg3 45. a8=Q h2 46.
Nxh2 Kxh2 47. Qg8 Kh3 48. f4 Kh2 49. Kf2 1-0

[Event "NAYCC U10 w"]
[Site "Windsor CAN"]
[Date "2016.08.07"]
[Round "1.151"]
[White "Pang, Ashley"]
[Black "Gilani, Mysha"]
[Result "1-0"]
[WhiteElo "1107"]
[BlackElo "1472"]
[PlyCount "33"]
[EventDate "2016.08.07"]
[EventType "swiss"]
[EventRounds "9"]
[EventCountry "CAN"]

1. e4 e5 2. Nf3 Nc6 3. d4 exd4 4. Nxd4 Bc5 5. Be3 Bb6 6. Nxc6 bxc6 7. Bxb6 cxb6
8. Bd3 Nf6 9. O-O O-O 10. e5 Nd5 11. Qh5 g6 12. Qh6 Re8 13. f4 Ne3 14. f5 Nxf1
15. f6 Qxf6 16. exf6 Re1 17. Qg7# 1-0

[Event "NAYCC U10 w"]
[Site "Windsor CAN"]
[Date "2016.08.07"]
[Round "1.152"]
[White "Kancharla, Meghana"]
[Black "Kobla, Rithika"]
[Result "1-0"]
[WhiteElo "1346"]
[BlackElo "953"]
[PlyCount "105"]
[EventDate "2016.08.07"]
[EventType "swiss"]
[EventRounds "9"]
[EventCountry "CAN"]

1. e4 c5 2. Nf3 d6 3. Be2 Nf6 4. Nc3 Nc6 5. d3 e6 6. Bg5 Be7 7. O-O O-O 8. h3
Bd7 9. Re1 a6 10. a3 Qc7 11. Nh2 h6 12. Bh4 Rfe8 13. Bg3 Rad8 14. Nf3 Nh5 15.
Bh2 Bf6 16. Nd2 g6 17. Bxh5 gxh5 18. Qxh5 Bg7 19. Qxc5 dxc5 20. Bxc7 Rc8 21.
Bg3 Nd4 22. Rac1 Bf6 23. Bf4 Kg7 24. e5 Bh4 25. Nf3 Nxf3+ 26. gxf3 Rg8 27. Bg3
Kh7 28. Kh2 Bxg3+ 29. fxg3 Rg7 30. Ne4 Rg6 31. Nf6+ Kh8 32. Nxd7 Rcg8 33. Rg1
Rg5 34. f4 Rh5 35. Nf6 Rf5 36. Nxg8 Kxg8 37. b4 cxb4 38. axb4 b5 39. c4 bxc4
40. dxc4 f6 41. b5 axb5 42. cxb5 fxe5 43. fxe5 Rxe5 44. b6 Rb5 45. Rb1 Rxb1 46.
Rxb1 e5 47. b7 Kf7 48. b8=Q Kf6 49. Qd6+ Kf5 50. Rf1+ Ke4 51. Qe6 Kd4 52. Rd1+
Ke4 53. Qg4+ 1-0

[Event "NAYCC U10 w"]
[Site "Windsor CAN"]
[Date "2016.08.07"]
[Round "1.153"]
[White "Ye, Sarah"]
[Black "Wisniowski, Natalie"]
[Result "0-1"]
[WhiteElo "914"]
[BlackElo "1333"]
[PlyCount "62"]
[EventDate "2016.08.07"]
[EventType "swiss"]
[EventRounds "9"]
[EventCountry "CAN"]

1. e4 c6 2. Nf3 d5 3. exd5 cxd5 4. d3 Nc6 5. Bf4 Nf6 6. Be2 Bf5 7. Nc3 e6 8.
O-O Bd6 9. Bg5 h6 10. Bh4 Be7 11. d4 O-O 12. h3 Qb6 13. Rb1 Rac8 14. Na4 Qa5
15. Nc5 Bxc5 16. dxc5 Ne4 17. Re1 Qxc5 18. a3 g5 19. b4 Qb6 20. b5 Na5 21. Nd4
Nc3 22. Qc1 Qxd4 23. Rb4 Nxe2+ 24. Rxe2 Rc4 25. Rxc4 Nxc4 26. a4 Qxh4 27. g3
Qxh3 28. Qa1 Be4 29. f3 Qxg3+ 30. Rg2 Qxf3 31. Rf2 Qh1# 0-1

[Event "NAYCC U10 w"]
[Site "Windsor CAN"]
[Date "2016.08.07"]
[Round "1.154"]
[White "Jain, Prisha"]
[Black "Zhang, Wendy"]
[Result "1-0"]
[WhiteElo "1316"]
[BlackElo "848"]
[PlyCount "61"]
[EventDate "2016.08.07"]
[EventType "swiss"]
[EventRounds "9"]
[EventCountry "CAN"]

1. e4 e5 2. Nf3 Nc6 3. d4 exd4 4. Nxd4 Nxd4 5. Qxd4 Nf6 6. e5 Ng8 7. Bc4 d6 8.
O-O Ne7 9. Bf4 Nf5 10. Qd5 Be6 11. Qxb7 Rb8 12. Bb5+ Bd7 13. Bxd7+ Kxd7 14. Qe4
Ne7 15. Qd4 Nc6 16. Qc3 Nb4 17. b3 Nd5 18. Qh3+ Ke8 19. Bg3 Nb4 20. exd6 cxd6
21. Qf5 Rc8 22. Qb5+ Ke7 23. Re1+ Kf6 24. Bh4+ Kg6 25. Bxd8 Rxd8 26. Qxb4 d5
27. Qg4+ Kf6 28. Re3 d4 29. Qf4+ Kg6 30. Rg3+ Kh5 31. Qg5# 1-0

[Event "NAYCC U10 w"]
[Site "Windsor CAN"]
[Date "2016.08.07"]
[Round "1.155"]
[White "Yeung, Sydney"]
[Black "Velea, Stephanie"]
[Result "0-1"]
[WhiteElo "742"]
[BlackElo "1268"]
[PlyCount "98"]
[EventDate "2016.08.07"]
[EventType "swiss"]
[EventRounds "9"]
[EventCountry "CAN"]

1. e4 c5 2. Nf3 d6 3. Nc3 Nf6 4. Bc4 Nc6 5. d3 g6 6. Bg5 Bg7 7. O-O O-O 8. Bxf6
Bxf6 9. Bb5 Bg4 10. Bxc6 bxc6 11. h3 Bxf3 12. Qxf3 Rb8 13. Na4 Bxb2 14. Nxb2
Rxb2 15. c4 Qb6 16. Qd1 Rb8 17. Kh2 Qb4 18. Qe1 Qxe1 19. Rfxe1 Rxf2 20. Rf1
Rbb2 21. Rxf2 Rxf2 22. Kg1 Rf4 23. g3 Rf3 24. Rf1 Rxf1+ 25. Kxf1 Kg7 26. Ke2
Kf6 27. Ke3 Ke5 28. g4 h6 29. h4 e6 30. a4 a5 31. Kf3 Kd4 32. Ke2 f5 33. exf5
exf5 34. gxf5 gxf5 35. h5 d5 36. cxd5 cxd5 37. Kd2 c4 38. dxc4 dxc4 39. Kd1 c3
40. Ke1 Kd3 41. Kd1 c2+ 42. Kc1 f4 43. Kb2 Kd2 44. Kb3 c1=Q 45. Ka2 f3 46. Kb3
f2 47. Ka2 f1=R 48. Kb3 Rf3+ 49. Ka2 Ra3# 0-1

[Event "NAYCC U10 w"]
[Site "Windsor CAN"]
[Date "2016.08.07"]
[Round "1.156"]
[White "Harris, Roxana"]
[Black "Zhou, Madison"]
[Result "1-0"]
[WhiteElo "1252"]
[BlackElo "737"]
[PlyCount "89"]
[EventDate "2016.08.07"]
[EventType "swiss"]
[EventRounds "9"]
[EventCountry "CAN"]

1. e4 e5 2. Nf3 Nc6 3. Bb5 a6 4. Ba4 b5 5. Bb3 Bc5 6. Nxe5 Nxe5 7. d4 Bxd4 8.
Qxd4 Nc6 9. Qxg7 Qe7 10. Qxh8 Qxe4+ 11. Be3 Qg6 12. O-O d6 13. Nc3 Bh3 14. Bd5
O-O-O 15. Be4 f5 16. Nd5 Nf6 17. Qxf6 Qxf6 18. Nxf6 fxe4 19. gxh3 Ne7 20. Kh1
Nf5 21. Rg1 Nxe3 22. fxe3 d5 23. Rg8 Rxg8 24. Nxg8 c5 25. Rd1 d4 26. exd4 cxd4
27. Rxd4 e3 28. Re4 e2 29. Rxe2 Kd7 30. Rf2 Ke6 31. Rf6+ Ke5 32. Rxa6 Kf5 33.
Ra5 Ke4 34. Rxb5 Kf4 35. a4 Ke4 36. a5 Kf4 37. a6 Ke4 38. a7 Kf4 39. a8=Q Ke3
40. Rb4 Kf2 41. Qa3 Ke2 42. Re4+ Kd2 43. Qd3+ Kc1 44. Qc3 Kd1 45. Re1# 1-0

[Event "NAYCC U10 w"]
[Site "Windsor CAN"]
[Date "2016.08.07"]
[Round "1.157"]
[White "Wang, Jenna"]
[Black "Shen, Isamel"]
[Result "0-1"]
[WhiteElo "685"]
[BlackElo "1229"]
[PlyCount "114"]
[EventDate "2016.08.07"]
[EventType "swiss"]
[EventRounds "9"]
[EventCountry "CAN"]

1. d4 d5 2. Nc3 Nf6 3. Bg5 c6 4. Nf3 Bf5 5. e3 e6 6. Be2 Be7 7. O-O O-O 8. Ne5
Nbd7 9. Bxf6 Nxf6 10. a3 Bd6 11. Nf3 Qc7 12. h3 b6 13. b4 a6 14. Bd3 Bg6 15.
Qe2 Qa7 16. Rfb1 Bxd3 17. cxd3 Rfc8 18. a4 Qe7 19. Qb2 Rab8 20. e4 Bc7 21. e5
Nd7 22. Qa3 b5 23. axb5 axb5 24. Rb3 Ra8 25. Qc1 Rxa1 26. Qxa1 Nb6 27. Ra3 Qxb4
28. Nd2 Qxd4 29. Nf3 Qxd3 30. Na4 Qc4 31. Nxb6 Bxb6 32. Ra8 Rd8 33. Qa6 Qc5 34.
Rxd8+ Bxd8 35. Qa8 Qb6 36. Nd4 h6 37. Nxc6 Qc5 38. Qc8 Kh7 39. Qxd8 Qxc6 40.
Qf8 Qc3 41. Qb8 b4 42. Qb7 Qe1+ 43. Kh2 Qxe5+ 44. Kh1 Qc3 45. Qxf7 b3 46. Qxe6
Qc2 47. g4 b2 48. Qf5+ Qxf5 49. gxf5 b1=Q+ 50. Kg2 Qxf5 51. f4 Qxf4 52. h4 Kg6
53. h5+ Kxh5 54. Kg1 Qd2 55. Kh1 Kg4 56. Kg1 Kg3 57. Kh1 Qg2# 0-1

[Event "NAYCC U10 w"]
[Site "Windsor CAN"]
[Date "2016.08.07"]
[Round "1.158"]
[White "Kaur, Aradh"]
[Black "Sivapathasundaram, Nithusa"]
[Result "1-0"]
[WhiteElo "1198"]
[BlackElo "638"]
[PlyCount "71"]
[EventDate "2016.08.07"]
[EventType "swiss"]
[EventRounds "9"]
[EventCountry "CAN"]

1. e4 e5 2. Nf3 Nc6 3. d4 d6 4. Bb5 Bd7 5. O-O Nf6 6. Nc3 Be7 7. b3 a6 8. Bc4
O-O 9. Bb2 b5 10. Be2 Be6 11. d5 b4 12. Na4 Nxe4 13. dxc6 Qe8 14. Nd2 Nxd2 15.
Qxd2 Qxc6 16. c4 Bc8 17. Rfe1 Bb7 18. Bf3 Bg5 19. Qxg5 Qd7 20. Bxb7 Rab8 21.
Be4 h6 22. Qf5 Qxf5 23. Bxf5 g6 24. Bd3 Rfe8 25. Re4 f5 26. Rh4 e4 27. Bc2 Kh7
28. g4 g5 29. Rh5 fxg4 30. Bc1 Rg8 31. Bxe4+ Kg7 32. Bb2+ Kf7 33. Bd5+ Kg6 34.
Bxg8 Kxh5 35. Bf7+ Kh4 36. Re1 1-0

[Event "NAYCC U10 w"]
[Site "Windsor CAN"]
[Date "2016.08.07"]
[Round "1.159"]
[White "Surya, Dania"]
[Black "Pask, Katherine"]
[Result "0-1"]
[WhiteElo "626"]
[BlackElo "1198"]
[PlyCount "126"]
[EventDate "2016.08.07"]
[EventType "swiss"]
[EventRounds "9"]
[EventCountry "CAN"]

1. e4 e5 2. d4 exd4 3. c3 d3 4. Bxd3 d6 5. Bc4 Nc6 6. Nf3 Nf6 7. e5 Qe7 8. O-O
dxe5 9. Ng5 Be6 10. Nxe6 fxe6 11. Qb3 O-O-O 12. Rd1 Rxd1+ 13. Qxd1 Qd6 14. Qxd6
Bxd6 15. Be3 Rd8 16. Nd2 Nd5 17. Bg5 Rf8 18. Ne4 Be7 19. Bxe7 Ncxe7 20. Ng5 h6
21. Nxe6 Rf7 22. Bxd5 Nxd5 23. Rd1 Re7 24. Rxd5 Rxe6 25. b4 c6 26. Ra5 a6 27.
a4 Rd6 28. Kf1 Rd5 29. Rxd5 cxd5 30. Ke2 Kc7 31. Kd3 Kc6 32. c4 b6 33. cxd5+
Kxd5 34. a5 bxa5 35. bxa5 Kc5 36. Ke4 Kb5 37. Kxe5 Kxa5 38. Kd4 Kb4 39. Kd3 Kb3
40. Kd2 Kb2 41. f4 a5 42. g4 a4 43. g5 hxg5 44. fxg5 a3 45. h4 a2 46. h5 a1=Q
47. h6 Qc1+ 48. Kd3 Qxg5 49. h7 Qd8+ 50. Ke4 Qh8 51. Kf5 Qxh7+ 52. Ke6 Qh4 53.
Kf5 g5 54. Ke5 g4 55. Kd5 g3 56. Kc5 g2 57. Kd5 g1=Q 58. Ke5 Qhf2 59. Ke4 Qd1
60. Ke5 Qfe2+ 61. Kf4 Qdf1+ 62. Kg3 Qeg2+ 63. Kh4 Qfh1# 0-1

[Event "NAYCC U10 w"]
[Site "Windsor CAN"]
[Date "2016.08.08"]
[Round "2.150"]
[White "Shen, Isamel"]
[Black "Gorti, Atmika"]
[Result "1-0"]
[WhiteElo "1229"]
[BlackElo "1576"]
[PlyCount "79"]
[EventDate "2016.08.07"]
[EventType "swiss"]
[EventRounds "9"]
[EventCountry "CAN"]

1. e4 c5 2. Nf3 d6 3. d4 cxd4 4. Nxd4 Nf6 5. Nc3 g6 6. Be2 Bg7 7. O-O O-O 8.
Be3 Nc6 9. Nf3 b6 10. Qd2 Bb7 11. Bd3 Qc7 12. Rac1 Rad8 13. Ne2 Ng4 14. c3 d5
15. Qc2 dxe4 16. Bxe4 Nce5 17. Ned4 Nc4 18. Rfe1 Ncxe3 19. fxe3 Bh6 20. Bxb7
Qxb7 21. Qd3 e5 22. h3 Nxe3 23. Rxe3 exd4 24. Nxd4 Bxe3+ 25. Qxe3 Rfe8 26. Qf2
Re4 27. Qf6 Qc7 28. Rf1 Rde8 29. Nb5 Qc5+ 30. Nd4 R8e7 31. Qf2 Qe5 32. Nc6 Qe6
33. Nxe7+ Qxe7 34. Qf6 Qd7 35. Qf3 f5 36. Qd1 Qc6 37. Qd8+ Kg7 38. Rd1 Qc5+ 39.
Kh1 Re2 40. Rd7+ 1-0

[Event "NAYCC U10 w"]
[Site "Windsor CAN"]
[Date "2016.08.08"]
[Round "2.151"]
[White "Pask, Katherine"]
[Black "Kancharla, Meghana"]
[Result "1-0"]
[WhiteElo "1198"]
[BlackElo "1346"]
[PlyCount "161"]
[EventDate "2016.08.07"]
[EventType "swiss"]
[EventRounds "9"]
[EventCountry "CAN"]

1. e4 e5 2. Nf3 Nc6 3. Bc4 Bc5 4. Nc3 Nf6 5. d3 h6 6. h3 O-O 7. O-O d6 8. Be3
Bb6 9. d4 exd4 10. Nxd4 Nxd4 11. Bxd4 Bxd4 12. Qxd4 Re8 13. Rfe1 Be6 14. Nd5
Nxd5 15. exd5 Bf5 16. Bb3 Rxe1+ 17. Rxe1 Qg5 18. Re3 Bg6 19. c3 Qd8 20. Rg3 Qd7
21. Bc2 Qe8 22. f4 Qf8 23. Bxg6 fxg6 24. Rxg6 Qf7 25. Rg3 Qe7 26. f5 Qe5 27.
Qh4 Kh7 28. Qg4 Qf6 29. Re3 Rf8 30. Rf3 Qe7 31. Qg6+ Kh8 32. Qe6 Qe8 33. f6
gxf6 34. Rxf6 Kg7 35. Rxh6 Qf7 36. Qxf7+ Rxf7 37. Re6 Rd7 38. g3 c6 39. dxc6
bxc6 40. Re4 d5 41. Rg4+ Kh6 42. Rf4 Kg5 43. Kg2 c5 44. Kf2 d4 45. Re4 Kf5 46.
Re1 d3 47. Ke3 c4 48. b3 cxb3 49. axb3 a5 50. Rd1 Rb7 51. Kxd3 Rxb3 52. Ra1 Rb5
53. Kc4 Re5 54. Kd3 Rd5+ 55. Kc2 Ke4 56. Rd1 Rc5 57. Rh1 Kf3 58. h4 Kg4 59. h5
Rxh5 60. Rxh5 Kxh5 61. Kb3 Kg4 62. Ka4 Kxg3 63. Kxa5 Kf4 64. c4 Ke5 65. c5 Ke6
66. Kb6 Kd7 67. Kb7 Ke6 68. c6 Ke5 69. c7 Ke4 70. c8=Q Kd4 71. Qc6 Ke3 72. Qc4
Kd2 73. Qb3 Ke2 74. Qc3 Kf1 75. Qd2 Kg1 76. Qe2 Kh1 77. Kc6 Kg1 78. Kd5 Kh1 79.
Ke4 Kg1 80. Kf3 Kh1 81. Qg2# 1-0

[Event "NAYCC U10 w"]
[Site "Windsor CAN"]
[Date "2016.08.08"]
[Round "2.152"]
[White "Wisniowski, Natalie"]
[Black "Harris, Roxana"]
[Result "1-0"]
[WhiteElo "1333"]
[BlackElo "1252"]
[PlyCount "193"]
[EventDate "2016.08.07"]
[EventType "swiss"]
[EventRounds "9"]
[EventCountry "CAN"]

1. e4 e5 2. Nf3 Nc6 3. Nc3 Nf6 4. Bb5 Bb4 5. O-O O-O 6. d3 h6 7. Bxc6 dxc6 8.
Nxe5 Re8 9. Nf3 Bg4 10. h3 Bh5 11. a3 Bxc3 12. bxc3 Nd7 13. Bf4 Rc8 14. Bg3 Nf8
15. Rb1 b6 16. Qe2 Nh7 17. Qe3 Qe7 18. Rb3 a5 19. a4 f6 20. Ra1 Bf7 21. Rb2 Ng5
22. Nxg5 fxg5 23. Qf3 Rf8 24. Qf5 Be6 25. Qe5 Qf7 26. c4 Qf6 27. Qxf6 Rxf6 28.
Be5 Rf7 29. Bd4 c5 30. Be3 g4 31. hxg4 Bxg4 32. f3 Bd7 33. d4 cxd4 34. Bxd4 Re8
35. Be3 Rf6 36. c5 bxc5 37. Bxc5 Rg6 38. Kf1 Be6 39. Be3 Bc4+ 40. Kf2 Rf8 41.
Ba7 Ra6 42. Rb7 Rf7 43. Bb8 Rc6 44. Ba7 Ba6 45. Rb2 Rd7 46. Be3 Rc3 47. f4 Re7
48. e5 Rf7 49. Rd1 g5 50. g3 h5 51. Rh1 h4 52. gxh4 gxf4 53. Bd4 Rg3 54. Rg1
Rxg1 55. Kxg1 Rg7+ 56. Kf2 Rg3 57. Rb8+ Kf7 58. Bb2 Re3 59. Ra8 Re2+ 60. Kf3
Bb7+ 61. Kxe2 Bxa8 62. Bc1 f3+ 63. Kf2 Ke6 64. Bd2 Be4 65. Bxa5 Bxc2 66. Bxc7
Bxa4 67. Kxf3 Kf5 68. Kg3 Bd1 69. Kf2 Bh5 70. Ke3 Bf7 71. Kd4 Kg4 72. Bd8 Bg8
73. Kc5 Bf7 74. Kd6 Kf5 75. Bf6 Bg8 76. h5 Bf7 77. h6 Kg6 78. Bg7 Kh7 79. e6
Kg6 80. exf7 Kxf7 81. Ke5 Kg8 82. Kf5 Kf7 83. Kg5 Kg8 84. Ba1 Kh7 85. Bb2 Kg8
86. Kg6 Kf8 87. h7 Ke7 88. h8=Q Kd7 89. Qf6 Kc7 90. Qe6 Kb7 91. Qd6 Ka7 92. Qb4
Ka8 93. Kf6 Ka7 94. Ke6 Ka6 95. Kd6 Ka7 96. Kc7 Ka6 97. Qb6# 1-0

[Event "NAYCC U10 w"]
[Site "Windsor CAN"]
[Date "2016.08.07"]
[Round "2.153"]
[White "Tao, Kaitlyn"]
[Black "Jain, Prisha"]
[Result "0-1"]
[WhiteElo "626"]
[BlackElo "1316"]
[PlyCount "40"]
[EventDate "2016.08.07"]
[EventType "swiss"]
[EventRounds "9"]
[EventCountry "CAN"]

1. e4 c5 2. Nf3 Nc6 3. d4 cxd4 4. Nxd4 g6 5. Nxc6 bxc6 6. Bc4 Bg7 7. Qf3 Nf6 8.
e5 Qa5+ 9. Nc3 Qxe5+ 10. Be3 O-O 11. O-O d5 12. Bf4 Qh5 13. Be2 Bg4 14. Qe3 d4
15. Bxg4 Nxg4 16. Qxe7 dxc3 17. bxc3 Rfe8 18. Qb7 Be5 19. Bxe5 Qxe5 20. h3 Qh2#
0-1

[Event "NAYCC U10 w"]
[Site "Windsor CAN"]
[Date "2016.08.08"]
[Round "2.154"]
[White "Velea, Stephanie"]
[Black "Kaur, Aradh"]
[Result "0-1"]
[WhiteElo "1268"]
[BlackElo "1198"]
[PlyCount "54"]
[EventDate "2016.08.07"]
[EventType "swiss"]
[EventRounds "9"]
[EventCountry "CAN"]

1. e4 e5 2. Nf3 Nc6 3. Nc3 Nf6 4. Bb5 d6 5. d4 exd4 6. Nxd4 Bd7 7. Bg5 Be7 8.
O-O O-O 9. Bxc6 Bxc6 10. Nxc6 bxc6 11. f4 Rb8 12. b3 Re8 13. Qf3 Qd7 14. e5
dxe5 15. fxe5 Qd4+ 16. Qe3 Bc5 17. Kh1 Rxe5 18. Qf3 Rxg5 19. Rad1 Qg4 20. Qxc6
Rh5 21. Qxc7 Rf8 22. Rd8 Rxh2+ 23. Qxh2 Rxd8 24. Rf3 Bb4 25. Kg1 Bxc3 26. Rg3
Bd4+ 27. Kf1 Qd1# 0-1